000 00361nam a2200133Ia 4500
008 151021s9999 xx 000 0 und d
020 _a9.7805532145e+012
050 _aPN 2093 .A44 1996
245 _a_The age of innocence Edith Wharton
260 _aNewyork Bantam Dell 1996
300 _a300p.
650 _a_Novel
980 _a^d20130221 12:18:26^oanne
999 _c12889
_d12889